Direito administrativo

Bibliographic Details
Main Author: Xavier, Gabriela
Format: eBook
Language:Portuguese
Published: Indaiatuba: Editora Foco, 2022
Subjects:
Online Access:Acceso restringido

MARC

LEADER 00000nam a22000007a 4500
005 20220420215447.0
007 cr|||| ||||
008 220420s2022 br |||||s|||| 00||0 por d
020 |a 978-65-5515-370-5 
035 |a 36197 
040 |a vLex 
090 |c 13204  |d 13204 
100 1 |a Xavier, Gabriela 
245 1 0 |a Direito administrativo  |h [Recurso electrn̤ico] /  |c Gabriela Xavier 
256 |a Servicio en ln̕ea 
260 |a Indaiatuba:  |b Editora Foco,  |c 2022 
300 |a 1 recurso electrn̤ico 
506 1 |a Disponible solo en los productos indicados  |d vLex Global  |d vLex Global (Academic Edition, excluding Law Schools)  |d vLex Global (U.S. Academic Edition, Law Schools)  |d vLex Global (U.S. Academic Edition, excluding Law Schools)  |d vLex Global (Academic Edition, Law Schools) 
650 0 4 |a Derecho Pb︢lico y Administrativo  |z Brasil 
740 0 |a vLex Libros (Servicio en ln̕ea) 
856 4 0 |u https://app.vlex.com/#/sources/36197  |z Acceso restringido 
942 |c BOOK 
999 0 |a Public and Administrative Law